000 00642nam a2200229Ia 4500
005 20241129104110.0
008 241129s9999||||xx |||||||||||||| ||und||
020 _a9781032276618
037 _aTextual
040 _aRTL
_beng
_cRTL
041 _aeng
_2eng
084 _aX:9.1 R2
_qRTL
100 _aKlikauer Thomas
_9616191
245 0 _aGlobal guide to human resource management: Managing across stakeholders
_cKlikauer Thomas
250 _a2nd
260 _aNew York
_bRoutledge
_c2022
300 _axi,341p.
365 _aINR
_b4615.52
650 _aCommerce
942 _cTB
_hX:9.1 R2
999 _c1224416
_d1224416